000 00178nam a22000857a 4500
082 _a001
100 _aCBSE
245 _aINTEGRATING CO-SCHOLASTIC ACTIVITIES IN TEACHING
942 _cBK
999 _c8451
_d8451